000 00642nam a2200253Ia 4500
003 OSt
005 20221005074200.0
006 a|||||r|||| 00| 0
007 ta
008 221004b |||||||| |||| 00| 0 eng d
024 _a63891
037 _cTextual
040 _aCRL
_cCRL
_beng
041 _2eng
_aeng
082 _aV26112.N7, M3
100 _aNibedon Nirmal
245 0 _aNagaland
_b the night of the guerrillas
250 _a2nd
260 _aNew Delhi
_bLancers
_c1983
300 _a404p.
_ccm.
650 _aHISTORY
942 _hV26112.N7, M3
_cTEXL
_2cc
999 _c982307
_d982307